000 00975nam a2200265 i 4500
001 15691
003 ES-MaACL
005 20250630032855.0
007 t|
008 000504s1996 sp |||| | spa j
020 _a84-7793-511-4
080 _a336.77(460.224 Cinco Villas)"18/19":338.43
080 _a332.74(460.224 Cinco Villas)"18/19"
100 1 _aSabio Alcutén, Alberto.
_9138570
245 1 4 _aLos mercados informales de crédito y tierra en una comunidad rural aragonesa (1850-1930) /
_cAlberto Sabio Alcutén.
260 _a[Madrid] :
_bBanco de España, Servicio de Estudios,
_c1996.
300 _a201 p. ;
_c24 cm.
490 1 _aEstudios de historia económica ;
_v34
650 4 _aCrédito agrícola-
_zEspaña.
_9135837
650 1 4 _aSuelo agrícola-
_zZaragoza (Provincia)
_9150111
710 2 0 _aBanco de España
_92104
830 0 _aEstudios de historia económica ;
_v34
_9179607
852 _aES-MaACL
_jL-23003
999 _c15691
_d15691